Vybrané kapitoly z obchodných operácií 4

Na minha lista:
Detalhes bibliográficos
Autor principal: Onduš, Michal
Autor Corporativo: Vysoká škola ekonomická v Bratislave. Obchodná fakulta
Formato: Livro
Idioma:eslovaco
Publicado em: Bratislava VŠE 1980
Tags: Adicionar Tag
Sem tags, seja o primeiro a adicionar uma tag!

MARC

LEADER 00000nam a2200000 4500
001 c142157
005 20221220102935.3
041 0 |a slo 
044 |a SK 
245 1 0 |a Vybrané kapitoly z obchodných operácií 4  |c Michal Onduš 
264 1 |a Bratislava  |b VŠE  |c 1980 
300 |a 163 s. 
100 1 |a Onduš, Michal 
710 2 |a Vysoká škola ekonomická v Bratislave. Obchodná fakulta